skbl

Dr Suryya Kumar Bhuyan Library Web-OPAC
ডঃ সূৰ্য্য
কুমাৰ ভূঞা পুথিভঁৰাল ৱেব-অ'পেক

All Research Scholars are advised to clear the annual library fees to continue using Library Resources, Remote Access, Plagiarism Test and Library Clearance.

Cotton University Book Fair 2026

Statistical Methods for Social Scientists: An Introduction / (Record no. 28525)

MARC details
000 -LEADER
fixed length control field 00502nam a2200169Ia 4500
001 - CONTROL NUMBER
control field 28543
008 - FIXED-LENGTH DATA ELEMENTS--GENERAL INFORMATION
fixed length control field 171221s1963 ii g b000 u 465 u
082 ## - DEWEY DECIMAL CLASSIFICATION NUMBER
Classification number 311.2
100 ## - MAIN ENTRY--PERSONAL NAME
Personal name Cohen, Lillian .
245 #0 - TITLE STATEMENT
Title Statistical Methods for Social Scientists: An Introduction /
Statement of responsibility, etc. Lillian Cohen.
Medium Textual Documents
250 ## - EDITION STATEMENT
Edition statement 1st ed. /
260 ## - PUBLICATION, DISTRIBUTION, ETC.
Place of publication, distribution, etc. New Delhi :
Name of publisher, distributor, etc. Prentice-Hall of India(Pvt Ltd) ,
Date of publication, distribution, etc. 1963.
300 ## - PHYSICAL DESCRIPTION
Extent 181p. ;
Dimensions 22cm.
653 ## - INDEX TERM--UNCONTROLLED
Uncontrolled term Statistics
653 ## - INDEX TERM--UNCONTROLLED
Uncontrolled term T/G-Statistics
942 ## - ADDED ENTRY ELEMENTS (KOHA)
Source of classification or shelving scheme Dewey Decimal Classification
Koha item type Books
Holdings
Withdrawn status Lost status Damaged status Not for loan Home library Current library Date acquired Coded location qualifier Total checkouts Full call number Barcode Date last seen Copy number Price effective from Koha item type Collection Shelving location
        Dr. Suryya Kumar Bhuyan Library Dr. Suryya Kumar Bhuyan Library 01/02/2012 00000   311.2 C 66 St 54681 14/01/2024 2 01/02/2012 Books    
        Dr. Suryya Kumar Bhuyan Library Dr. Suryya Kumar Bhuyan Library 01/02/2012 00000   311.2 C 66 St 54680 14/01/2024 1 01/02/2012 Books    

Designed and Maintained by Team SKBL
©1901-2026

Powered by Koha